Airborne microbes: Seventeenth symposium of the society for general microbiology (Record no. 21185)

MARC details
000 -LEADER
fixed length control field 00401nam a2200133Ia 4500
082 ## - DEWEY DECIMAL CLASSIFICATION NUMBER
Classification number 579(06)
Item number GRE
100 ## - MAIN ENTRY--AUTHOR NAME
Personal name GREGORY, P H
245 #0 - TITLE STATEMENT
Title Airborne microbes: Seventeenth symposium of the society for general microbiology
260 ## - PUBLICATION, DISTRIBUTION, ETC. (IMPRINT)
Place of publication Cambridge
Name of publisher Cambridge University
Year of publication 1967
650 ## - SUBJECT ADDED ENTRY--TOPICAL TERM
Topical Term Airborne microbes
700 ## - ADDED ENTRY--PERSONAL NAME
Personal name MONTEITH, J L
942 ## - ADDED ENTRY ELEMENTS (KOHA)
Koha item type Books
Holdings
Withdrawn status Lost status Damaged status Not for loan Home library Current library Date acquired Full call number Accession Number Koha item type
        RRII Library RRII Library 16/12/2021 579(06) GRE 01905 Books